000 00266nam a22001217a 4500
008 181030b xxu||||| |||| 00| 0 eng d
041 _aeng
080 _a611
100 _a6
101 _aANA
245 _aAtlas of Systematic Human Anatomy
_cWolf
942 _2udc
_cBK
999 _c51201
_d51201